These things we believe (Record no. 5387)

MARC details
000 -LEADER
fixed length control field 00785cam a22002651 4500
001 - CONTROL NUMBER
control field 10274161
003 - CONTROL NUMBER IDENTIFIER
control field GBCCL
005 - DATE AND TIME OF LATEST TRANSACTION
control field 20241126110540.0
008 - FIXED-LENGTH DATA ELEMENTS--GENERAL INFORMATION
fixed length control field 800429s1956 tnu 000 0 eng
010 ## -
-- 56023822
035 ## - SYSTEM CONTROL NUMBER
System control number (OCoLC)6260102
040 ## - CATALOGING SOURCE
Original cataloging agency DLC
Transcribing agency NcRS
Modifying agency NcRS
-- DLC
042 ## -
-- premarc
050 00 -
-- BT77
-- .T83
082 ## - DEWEY DECIMAL CLASSIFICATION NUMBER
Classification number 230.6
Item number TUR
100 1# - MAIN ENTRY--PERSONAL NAME
Personal name Turner, John Clyde,
Dates associated with a name 1878-
9 (RLIN) 9687
245 10 - TITLE STATEMENT
Title These things we believe
Statement of responsibility, etc. [by] J. Clyde Turner.
260 ## - PUBLICATION, DISTRIBUTION, ETC.
Place of publication, distribution, etc. Nashville,
Name of publisher, distributor, etc. Convention Press
Date of publication, distribution, etc. [c1956]
300 ## - PHYSICAL DESCRIPTION
Extent 134 p.
Dimensions 20 cm.
650 #0 - SUBJECT ADDED ENTRY--TOPICAL TERM
Topical term or geographic name entry element Theology, Doctrinal
General subdivision Popular works.
9 (RLIN) 315
650 #0 - SUBJECT ADDED ENTRY--TOPICAL TERM
Topical term or geographic name entry element Baptists
General subdivision Controversial literature.
9 (RLIN) 9688
650 #0 - SUBJECT ADDED ENTRY--TOPICAL TERM
Topical term or geographic name entry element Baptists
General subdivision Doctrines.
9 (RLIN) 1797
906 ## - LOCAL DATA ELEMENT F, LDF (RLIN)
a 7
b cbc
c oclcrpl
d u
e ncip
f 19
g y-gencatlg
942 ## - ADDED ENTRY ELEMENTS (KOHA)
Source of classification or shelving scheme Dewey Decimal Classification
Koha item type Books
Holdings
Withdrawn status Lost status Source of classification or shelving scheme Damaged status Not for loan Home library Current Library Shelving location Date acquired Total checkouts Full call number Barcode Date last seen Copy number Price effective from Koha item type
    Dewey Decimal Classification     GRACE BIBLE COLLEGE GRACE BIBLE COLLEGE Theology 2018-03-16   230.6 TUR 007202 2025-05-01 c.1 2018-03-16 Books
    Dewey Decimal Classification     GRACE BIBLE COLLEGE GRACE BIBLE COLLEGE Theology 2018-08-06   230.6 TUR 013584 2025-05-01 c.2 2018-08-06 Books
    Dewey Decimal Classification     GRACE BIBLE COLLEGE GRACE BIBLE COLLEGE Theology 2018-08-07   230.6 TUR 013595 2025-05-01 c.3 2018-08-07 Books
    Dewey Decimal Classification     GRACE BIBLE COLLEGE GRACE BIBLE COLLEGE Theology 2018-08-07   230.6 TUR 013596 2025-05-01 c.4 2018-08-07 Books
© Grace Bible College Library 2025